Statistics for Countries That End With -Stan

Click here to take the quiz!

General Stats

  • This quiz has been taken 919 times
  • The average score is 6 of 7

Answer Stats

CapitalAnswer% Correct
IslamabadPakistan
95%
KabulAfghanistan
93%
TashkentUzbekistan
92%
AshgabatTurkmenistan
91%
DushanbeTajikistan
83%
AstanaKazakhstan
80%
BishkekKyrgyzstan
69%

Score Distribution

Percentile by Number Answered

Percent of People with Each Score

Your Score History

You have not taken this quiz